Fire Emblem Heroes Lance Armour Units - Statistics

General Stats
  • This quiz has been taken 71 times
    3 since last reset
  • The average score is 17 of 29
Answer Stats
Answer % Correct
Bors
100%
Effie
100%
Forsyth
100%
Gatrie
100%
Gwendolyn
100%
Kjelle
100%
Lukas (Picnic)
100%
Oswin
100%
Valbar
100%
Amelia (Ascended)
50%
Benny
50%
Cervantes
50%
Edelgard (Winter)
50%
Ephraim (Devotion)
50%
Ephraim (Winter)
50%
Fjorm (Ice)
50%
Gilliam
50%
Hector (CYL)
50%
Hector (CYL) (Harmonic)
50%
Hilda (3H) (Winter)
50%
Rudolf (Devotion)
50%
Vigarde
50%
Wallace
50%
Zelgius (Ninja)
50%
Alfred (Winter)
0%
Eliwood (Devotion)
0%
Hardin (Fallen)
0%
Robin (M) (Winter)
0%
Surtr (Pirate)
0%
No matching quizzes found
Score Distribution
Percent of People with Each Score
Percentile by Number Answered
Your Score History
You have not taken this quiz since the last reset